000 00468nam a2200169Ia 4500
008 240729s9999 xx 000 0 und d
022 _a2773-0352
245 0 _aOne Health Bulletin
260 _aIndia
260 _bWolters Kluwer Medknow Publications
650 _a Infectious and parasitic diseases
650 _a Internal medicine
650 _aMedicine
856 _uhttps://doaj.org/toc/e6abbdb8b7fa45779bf465a13fcc17f0
942 _2ddc
942 _cDOAJEJ
999 _c67393
_d67393
945 _a1
_bMadushi Gamage
_c1
_dMadushi Gamage